000
00233 a2200097 4500
001
41789
100
_a
Mcloughlin E V
245
_a
The Book of Knowledge (Vol-XIII)
260
_a
New York
_b
Grolier Society
_c
090
_c
25900
_d
25900
942
_a
NUST-CAE
_c
M
_c
17670
999
_c
276862
_d
276862